Countries That Don't Recognize Palestine - Statistics

General Stats
  • This quiz has been taken 119 times
    42 since last reset
  • The average score is 30 of 48
Answer Stats
Answer % Correct
United States
97%
Canada
94%
Germany
89%
United Kingdom
86%
France
83%
Australia
81%
Italy
81%
Belgium
78%
Japan
78%
Netherlands
78%
Portugal
78%
South Korea
78%
Finland
75%
New Zealand
72%
Estonia
69%
Mexico
69%
Switzerland
69%
Andorra
67%
Austria
67%
Latvia
67%
Lithuania
67%
Luxembourg
67%
Croatia
64%
Denmark
64%
Israel
64%
Monaco
64%
Greece
61%
Liechtenstein
61%
San Marino
61%
Fiji
58%
Marshall Islands
56%
Samoa
56%
Singapore
56%
Tuvalu
53%
Federated States of Micronesia
50%
Palau
50%
Armenia
47%
Myanmar
47%
Nauru
47%
Kiribati
44%
Moldova
44%
North Macedonia
44%
Slovenia
44%
Solomon Islands
44%
Tonga
44%
Eritrea
42%
Panama
39%
Cameroon
31%
No matching quizzes found
Score Distribution
Percent of People with Each Score
Percentile by Number Answered
Your Score History
You have not taken this quiz since the last reset